000 00305nam a22001337a 4500
008 170605b xxu||||| |||| 00| 0 eng d
020 _a9780789446404
041 _aeng
080 _a94
100 _a18
101 _aSHH
245 _aMILLENIUM CENTURY DAY BY DAY
_cSCHLESNGER.A.M
942 _2udc
_cBK
999 _c15949
_d15949